Responses for Show #5683 - Wednesday, April 29, 2009

Liz Murphy game 5.

Contestants

[<< previous game]

Pat Miller, an accounts payable clerk from Jacksonville, Florida

Julio Alvarez, a sixth-grade teacher from Roseville, California

Liz Murphy, a foreign service officer originally from Scranton, Pennsylvania (whose 4-day cash winnings total $107,703)

[next game >>]

Jeopardy! Round responses

NAME THE SHAKESPEARE PLAY
I MARRIED A BEATLE
DARTH VADER, D.D.S.
"G"
YOUR HAIR
SMELLS TERRIFIC
    $200 1
(Pat: What is Hamlet?)

Romeo and Juliet

LizPat
    $200 19
John Lennon

Julio
    $200 9
once

Julio
    $200 14
grave

Pat
    $200 6
fall

Pat
    $200 26
Altoids

Pat
    $400 2
Othello

Julio
    $400 20
Paul McCartney

Julio
    $400 10
Plaque

Julio
    $400 15
glass jaw

Julio
    $400 7
pig tails

Liz
    $400 27
Old Spice

Julio
    $1,000 3
Hamlet

Julio
    $600 21
Ringo Starr

Pat
    $600 11
Science (or Surgery)

Pat
    $600 16
Germans

Liz
    $600 8
a bob

Julio
    $600 28
the blood of an Englishman

Liz
    $800 4
(Julio: What is Julius Caesar?)

Antony & Cleopatra

JulioPat
    $800 22
George Harrison

Pat
    $800 12
crowns

Liz
    $800 17
gravy

Liz
    $800 24
a crew cut

Pat
    $800 29
potpourri

Julio
    $1000 5
Henry V

Liz
    $1000 23
(Julio: Who is Paul McCartney?)

John Lennon

JulioPat
    $1000 13
enamel

Julio
    $1000 18
(Julio: What is Ghana?)

Gabon

JulioPat
    $1000 25
a tonsure

Pat
    $1000 30
frankincense and myrrh

Liz

Scores at the first commercial break (after clue 15):

Liz Julio Pat
$2,400 $3,200 $1,600

Scores at the end of the Jeopardy! Round:

Liz Julio Pat
$5,400 $3,000 $7,000

Double Jeopardy! Round responses

THE KOREAN WAR
TV OPENING WORDS
AROUND A GREEK TEMPLE
LANGUAGE LAB
SEAS THE MOMENT
"DI" HARD
    $400 11
1950

Pat
    $400 16
Law & Order

Julio
    $400 21
a portico

Liz
    $400 1
Vatican City

Liz
    $400 6
the Black Sea

Liz
    $400 24
a diaper

Julio
    $800 12
Eisenhower

Liz
    $800 17
My Name is Earl

Julio
    $1,800 22
(Liz: What is a column?)

a capital

Liz
    $800 2
the Jews

Liz
    $800 7
(Liz: What is the North Sea?)

the Irish Sea

Liz
Triple Stumper
    $800 25
a diagonal

Liz
    $1200 13
(Pat: Who is Kim Jong-il?)

Kim Il-sung

LizPat
    $1200 18
The A-Team

Pat
    $1200 23
(Pat: What is the circumference?)

area

JulioPat
    $1200 3
Cyrillic

Pat
    $1200 8
the Arabian Sea

Pat
    $1200 26
the Diamondbacks

Liz
    $1,800 14
(Liz: What is the ... 47th parallel?)

the 38th parallel

Liz
    $1600 19
(Liz: What is Dirty Sexy Money?)
(Pat: What is Sex and the City?)

Gossip Girl

LizPat
Triple Stumper
    $1600 29
(Pat: What are prayer offerings?)

votive

LizPat
    $1600 4
(Pat: What is Cantonese?)

Mandarin

JulioPat
    $1600 9
South & East

Liz
    $1600 27
divest

Liz
    $2000 15
(Doug) MacArthur

Pat
    $2000 20
Arrested Development

Julio
    $2000 30
(Pat: What is the tympanium?)
...
(Alex: No I-U-M at the end. Sorry, Pat.)

the tympanum

LizPat
    $2000 5
(Thomas) Gallaudet

Pat
    $2000 10
the Tasman Sea

Liz
    $2000 28
Dido

Liz

Scores at the end of the Double Jeopardy! Round:

Liz Julio Pat
$16,200 $9,400 $5,800

[wagering suggestions for these scores]

Final Jeopardy! Round responses

THE U.S. MONEY MAP
PatWhat is Washington, D.C.?
$5,800
JulioWhat is Boston?
$4,601
LizWhat is (scribbles) Chicago?
$2,601
Washington, D.C.

Final scores:

Liz Julio Pat
$13,599 $4,799 $11,600
5-day champion: $121,302 3rd place: $1,000 2nd place: $2,000

Game dynamics:

Coryat scores:

Liz Julio Pat
$19,800 $9,000 $5,800
22 R,
4 W
(including 2 DDs)
17 R
(including 1 DD),
3 W
17 R,
7 W

Combined Coryat: $34,600

[game clues] [game scores] [suggest correction]

Game tape date: 2009-02-18
The J! Archive is created by fans, for fans. Scraping, republication, monetization, and malicious use prohibited; this site may use cookies and collect identifying information. See terms. The Jeopardy! game show and all elements thereof, including but not limited to copyright and trademark thereto, are the property of Jeopardy Productions, Inc. and are protected under law. This website is not affiliated with, sponsored by, or operated by Jeopardy Productions, Inc. Join the discussion at JBoard.tv.